<?xml version="1.0" encoding="UTF-8"?>
<marc:record xmlns:marc="http://www.loc.gov/MARC21/slim">
   <marc:leader>00000nam a2200000 a 4500</marc:leader>
   <marc:datafield ind1="1" ind2=" " tag="100">
      <marc:subfield code="a">Hanslick, Eduard</marc:subfield>
      <marc:subfield code="4">aut</marc:subfield>
      <marc:subfield code="e">Verfasser/-in</marc:subfield>
   </marc:datafield>
   <marc:datafield ind1=" " ind2=" " tag="653">
      <marc:subfield code="a">Softcover</marc:subfield>
   </marc:datafield>
   <marc:datafield ind1=" " ind2=" " tag="653">
      <marc:subfield code="a">Karte</marc:subfield>
   </marc:datafield>
   <marc:datafield ind1=" " ind2=" " tag="653">
      <marc:subfield code="a">Musiklehre</marc:subfield>
   </marc:datafield>
   <marc:datafield ind1="0" ind2="0" tag="245">
      <marc:subfield code="a">Sämtliche Schriften</marc:subfield>
   </marc:datafield>
   <marc:datafield ind1="0" ind2="0" tag="245">
      <marc:subfield code="c">Eduard Hanslick. Hrsg. und kommentiert von Dietmar Strauß</marc:subfield>
   </marc:datafield>
   <marc:datafield ind1=" " ind2="1" tag="264">
      <marc:subfield code="a">Wien</marc:subfield>
      <marc:subfield code="b">Böhlau</marc:subfield>
      <marc:subfield code="c">2005</marc:subfield>
   </marc:datafield>
   <marc:datafield ind1="1" ind2=" " tag="520">
      <marc:subfield code="a">Eduard Hanslick (1825-1904) regte in seinem Buch "Vom Musikalisch-Schönen" (1854) die musikästhetische Diskussion des 19. Jahrhunderts entscheidend an. Sein Musikjournalismus brachte ihm den Titel "Bismarck der Musikkritik" (G. Verdi) ein. Gewiss war er der wichtigste Musikschriftsteller seiner Zeit. Vielen Musikliebhabern ist er aber nur als Anführer der Anti-Wagner-Partei im Bewusstsein. Ein Blick auf seine Schriften zwingt zur Revision dieses Bildes, das vor allem von den Neudeutschen geprägt wurde. Seine etwa 1500 Aufsätze und Rezensionen, von denen er nur etwa die Hälfte, zumeist stark bearbeitet, in Sammelbänden herausgab, porträtieren scharfzüngig und witzig sechzig Jahre Musikleben.</marc:subfield>
   </marc:datafield>
   <marc:datafield ind1=" " ind2=" " tag="020">
      <marc:subfield code="a">9783205980216</marc:subfield>
      <marc:subfield code="9">9783205980216</marc:subfield>
   </marc:datafield>
   <marc:datafield ind1=" " ind2=" " tag="020">
      <marc:subfield code="a">3205773446</marc:subfield>
      <marc:subfield code="9">3205773446</marc:subfield>
   </marc:datafield>
   <marc:datafield ind1=" " ind2=" " tag="041">
      <marc:subfield code="a">ger</marc:subfield>
   </marc:datafield>
   <marc:datafield ind1=" " ind2=" " tag="300">
      <marc:subfield code="a">542 S.</marc:subfield>
   </marc:datafield>
</marc:record>
